{"text_format":"3","workbook":"xlsx","n_sheets":1,"sheets":["t599"],"read":"whole","date_system":"1900"}

{"sheet":"t599","index":0,"n_rows":164,"n_cols":7,"rows_kept":164,"merged":[[0,0,0,6],[30,0,30,5],[46,0,46,5],[145,0,145,5]]}
["TABELA 599.1 - Estatísticas Agrícolas, Município de Tejupá, Estado de São Paulo, 2007/08."]
["ITEM","UNIDADE","N.DE UPAs","MÍNIMO","MÉDIO","MÁXIMO","TOTAL"]
["Distância à sede do município","km",506,0.5,{"v":11.62,"d":"11.6"},{"v":36,"d":"36.0"},"-"]
["Área total","hectare",506,1.2,{"v":56.07,"d":"56.1"},{"v":1425.2,"d":"1,425.2"},{"v":28370.6,"d":"28,370.6"}]
["Área com cultura perene","hectare",289,0.4,{"v":14.37,"d":"14.4"},{"v":200,"d":"200.0"},{"v":4154,"d":"4,154.0"}]
["Área com cultura temporária","hectare",75,0.1,{"v":23.82,"d":"23.8"},229.6,{"v":1786.7,"d":"1,786.7"}]
["Área com pastagem","hectare",439,0.2,{"v":40.71,"d":"40.7"},{"v":1348.5,"d":"1,348.5"},{"v":17870.6,"d":"17,870.6"}]
["Área com reflorestamento","hectare",59,0.3,{"v":22.11,"d":"22.1"},{"v":900,"d":"900.0"},{"v":1304.5,"d":"1,304.5"}]
["Área com vegetação natural","hectare",259,0.1,{"v":10.31,"d":"10.3"},188.4,{"v":2671.1,"d":"2,671.1"}]
["Área com vegetação de brejo e várzea","hectare",4,0.4,{"v":1.25,"d":"1.3"},{"v":3,"d":"3.0"},{"v":5,"d":"5.0"}]
["Área em descanso","hectare",17,0.6,{"v":7.79,"d":"7.8"},39.5,132.4]
["Área complementar","hectare",370,0.1,{"v":1.21,"d":"1.2"},{"v":64,"d":"64.0"},446.3]
["Área das UPAs com (0, 1] ha","hectare","-","-","-","-","-"]
["Área das UPAs com (1, 2] ha","hectare",7,1.2,1.6,{"v":2,"d":"2.0"},11.2]
["Área das UPAs com (2, 5] ha","hectare",64,2.2,{"v":3.43,"d":"3.4"},{"v":5,"d":"5.0"},219.5]
["Área das UPAs com (5, 10] ha","hectare",82,5.3,{"v":7.58,"d":"7.6"},{"v":10,"d":"10.0"},621.3]
["Área das UPAs com (10, 20] ha","hectare",109,10.8,{"v":14.83,"d":"14.8"},{"v":20,"d":"20.0"},{"v":1617,"d":"1,617.0"}]
["Área das UPAs com (20, 50] ha","hectare",122,20.5,{"v":32.41,"d":"32.4"},{"v":50,"d":"50.0"},{"v":3954.5,"d":"3,954.5"}]
["Área das UPAs com (50, 100] ha","hectare",58,50.2,{"v":73.28,"d":"73.3"},96.8,{"v":4250.3,"d":"4,250.3"}]
["Área das UPAs com (100, 200] ha","hectare",31,101.6,{"v":142.31,"d":"142.3"},193.6,{"v":4411.5,"d":"4,411.5"}]
["Área das UPAs com (200, 500] ha","hectare",27,205.7,{"v":301.24,"d":"301.2"},{"v":484,"d":"484.0"},{"v":8133.4,"d":"8,133.4"}]
["Área das UPAs com (500, 1.000] ha","hectare",4,{"v":508,"d":"508.0"},{"v":629.18,"d":"629.2"},{"v":790,"d":"790.0"},{"v":2516.7,"d":"2,516.7"}]
["Área das UPAs com (1.000, 2.000] ha","hectare",2,{"v":1210,"d":"1,210.0"},{"v":1317.6,"d":"1,317.6"},{"v":1425.2,"d":"1,425.2"},{"v":2635.2,"d":"2,635.2"}]
["Área das UPAs com (2.000, 5.000] ha","hectare","-","-","-","-","-"]
["Área das UPAs com (5.000, 10.000] ha","hectare","-","-","-","-","-"]
["Área das UPAs acima de 10.000 ha","hectare","-","-","-","-","-"]
["Familiares do proprietário que trabalham na UPA","unidade",405,{"v":1,"d":"1.0"},{"v":1.78,"d":"1.8"},{"v":10,"d":"10.0"},{"v":722,"d":"722.0"}]
["Trabalhadores permanentes","unidade",186,{"v":1,"d":"1.0"},{"v":2.25,"d":"2.3"},{"v":25,"d":"25.0"},{"v":419,"d":"419.0"}]
["Fonte: Secretaria de Agricultura e Abastecimento, CDRS/IEA, Projeto LUPA."]
[]
["TABELA 599.2 - Explorações Animais, Município de Tejupá, Estado de São Paulo, 2007/08."]
["ITEM","UNIDADE","N.DE UPAs","MÍNIMO","MÉDIO","MÁXIMO","TOTAL"]
["Apicultura","colmeias",1,{"v":2,"d":"2.0"},{"v":2,"d":"2.0"},{"v":2,"d":"2.0"},{"v":2,"d":"2.0"}]
["Asininos E Muares","cabeças",42,{"v":1,"d":"1.0"},{"v":1.79,"d":"1.8"},{"v":6,"d":"6.0"},{"v":75,"d":"75.0"}]
["Bovinocultura de Corte","cabeças",165,{"v":3,"d":"3.0"},{"v":103.91,"d":"103.9"},{"v":2000,"d":"2,000.0"},{"v":17145,"d":"17,145.0"}]
["Bovinocultura Leiteira","cabeças",38,{"v":1,"d":"1.0"},{"v":26.34,"d":"26.3"},{"v":300,"d":"300.0"},{"v":1001,"d":"1,001.0"}]
["Bovinocultura Mista","cabeças",174,{"v":2,"d":"2.0"},{"v":25.98,"d":"26.0"},{"v":200,"d":"200.0"},{"v":4521,"d":"4,521.0"}]
["Bubalinocultura","cabeças",1,{"v":100,"d":"100.0"},{"v":100,"d":"100.0"},{"v":100,"d":"100.0"},{"v":100,"d":"100.0"}]
["Caprinocultura","cabeças",8,{"v":1,"d":"1.0"},{"v":15.25,"d":"15.3"},{"v":60,"d":"60.0"},{"v":122,"d":"122.0"}]
["Equinocultura","cabeças",208,{"v":1,"d":"1.0"},{"v":2.54,"d":"2.5"},{"v":18,"d":"18.0"},{"v":529,"d":"529.0"}]
["Helicicultura","viveiros",1,{"v":1,"d":"1.0"},{"v":1,"d":"1.0"},{"v":1,"d":"1.0"},{"v":1,"d":"1.0"}]
["Ovinocultura","cabeças",10,{"v":10,"d":"10.0"},64.8,{"v":208,"d":"208.0"},{"v":648,"d":"648.0"}]
["Piscicultura","m² tanques",1,{"v":240,"d":"240.0"},{"v":240,"d":"240.0"},{"v":240,"d":"240.0"},{"v":240,"d":"240.0"}]
["Suinocultura","cabeças",19,{"v":4,"d":"4.0"},{"v":21.21,"d":"21.2"},{"v":100,"d":"100.0"},{"v":403,"d":"403.0"}]
["Fonte: Secretaria de Agricultura e Abastecimento, CDRS/IEA, Projeto LUPA."]
[]
["TABELA 599.3 -  Máquinas, Implementos e Benfeitorias, Município de Tejupá, Estado de São Paulo, 2007/08."]
["ITEM","UNIDADE","N.DE UPAs","MÍNIMO","MÉDIO","MÁXIMO","TOTAL"]
["Arado Comum (Bacia, Aiveca)","Unidade",90,{"v":1,"d":"1.0"},{"v":1.09,"d":"1.1"},{"v":2,"d":"2.0"},{"v":98,"d":"98.0"}]
["Arado Escarificador","Unidade",19,{"v":1,"d":"1.0"},{"v":1.11,"d":"1.1"},{"v":2,"d":"2.0"},{"v":21,"d":"21.0"}]
["Arado Subsolador","Unidade",24,{"v":1,"d":"1.0"},{"v":1.25,"d":"1.3"},{"v":2,"d":"2.0"},{"v":30,"d":"30.0"}]
["Batedeira de Cereais","Unidade",44,{"v":1,"d":"1.0"},{"v":1.16,"d":"1.2"},{"v":2,"d":"2.0"},{"v":51,"d":"51.0"}]
["Colhedeira Acoplada","Unidade",1,{"v":1,"d":"1.0"},{"v":1,"d":"1.0"},{"v":1,"d":"1.0"},{"v":1,"d":"1.0"}]
["Conj.Irrigação Convencional","Unidade",4,{"v":1,"d":"1.0"},{"v":1.25,"d":"1.3"},{"v":2,"d":"2.0"},{"v":5,"d":"5.0"}]
["Conj.Irrigação/Gotejamento/Microaspersão","Unidade",18,{"v":1,"d":"1.0"},{"v":1.56,"d":"1.6"},{"v":4,"d":"4.0"},{"v":28,"d":"28.0"}]
["Desintegrador, Picador, Triturador","Unidade",77,{"v":1,"d":"1.0"},{"v":1.09,"d":"1.1"},{"v":3,"d":"3.0"},{"v":84,"d":"84.0"}]
["Distribuidor de Calcário","Unidade",24,{"v":1,"d":"1.0"},{"v":1.04,"d":"1.0"},{"v":2,"d":"2.0"},{"v":25,"d":"25.0"}]
["Ensiladeira","Unidade",6,{"v":1,"d":"1.0"},{"v":1.17,"d":"1.2"},{"v":2,"d":"2.0"},{"v":7,"d":"7.0"}]
["Grade Aradora (Tipo Romi)","Unidade",18,{"v":1,"d":"1.0"},{"v":1.17,"d":"1.2"},{"v":2,"d":"2.0"},{"v":21,"d":"21.0"}]
["Grade Niveladora","Unidade",75,{"v":1,"d":"1.0"},{"v":1.05,"d":"1.1"},{"v":2,"d":"2.0"},{"v":79,"d":"79.0"}]
["Implementos para Tração Animal","Unidade",20,{"v":1,"d":"1.0"},2.2,{"v":8,"d":"8.0"},{"v":44,"d":"44.0"}]
["Microtrator","Unidade",10,{"v":1,"d":"1.0"},{"v":1,"d":"1.0"},{"v":1,"d":"1.0"},{"v":10,"d":"10.0"}]
["Misturador de Ração","Unidade",14,{"v":1,"d":"1.0"},{"v":1.21,"d":"1.2"},{"v":2,"d":"2.0"},{"v":17,"d":"17.0"}]
["Ordenhadeira Mecânica","Unidade",2,{"v":1,"d":"1.0"},{"v":1,"d":"1.0"},{"v":1,"d":"1.0"},{"v":2,"d":"2.0"}]
["Pulverizador Tratorizado","Unidade",63,{"v":1,"d":"1.0"},{"v":1.16,"d":"1.2"},{"v":4,"d":"4.0"},{"v":73,"d":"73.0"}]
["Resfriador de Leite, Tanque Expansão","Unidade",1,{"v":1,"d":"1.0"},{"v":1,"d":"1.0"},{"v":1,"d":"1.0"},{"v":1,"d":"1.0"}]
["Semeadeira/Adubadeira para Plantio Convencional","Unidade",18,{"v":1,"d":"1.0"},{"v":1,"d":"1.0"},{"v":1,"d":"1.0"},{"v":18,"d":"18.0"}]
["Semeadeira/Plantadeira Plantio Direto","Unidade",5,{"v":1,"d":"1.0"},{"v":1,"d":"1.0"},{"v":1,"d":"1.0"},{"v":5,"d":"5.0"}]
["Terraceador","Unidade",6,{"v":1,"d":"1.0"},{"v":1.17,"d":"1.2"},{"v":2,"d":"2.0"},{"v":7,"d":"7.0"}]
["Trator de Pneus","Unidade",140,{"v":1,"d":"1.0"},{"v":1.35,"d":"1.4"},{"v":6,"d":"6.0"},{"v":189,"d":"189.0"}]
["Açude/Represa","Unidade",104,{"v":1,"d":"1.0"},{"v":1.38,"d":"1.4"},{"v":5,"d":"5.0"},{"v":143,"d":"143.0"}]
["Almoxarifado/Oficina","Unidade",13,{"v":1,"d":"1.0"},{"v":1.31,"d":"1.3"},{"v":5,"d":"5.0"},{"v":17,"d":"17.0"}]
["Armazém para Grãos Ensacados","Sacas",16,{"v":1,"d":"1.0"},{"v":1.13,"d":"1.1"},{"v":2,"d":"2.0"},{"v":18,"d":"18.0"}]
["Balança para Bovinos","Unidade",8,{"v":1,"d":"1.0"},{"v":1,"d":"1.0"},{"v":1,"d":"1.0"},{"v":8,"d":"8.0"}]
["Barracão para Bicho da Seda/Sirgaria","Unidade",1,{"v":1,"d":"1.0"},{"v":1,"d":"1.0"},{"v":1,"d":"1.0"},{"v":1,"d":"1.0"}]
["Barracão para Cultivo de Cogumelo","Unidade",1,{"v":5,"d":"5.0"},{"v":5,"d":"5.0"},{"v":5,"d":"5.0"},{"v":5,"d":"5.0"}]
["Barracão para Granja/Avicultura","Unidade",8,{"v":1,"d":"1.0"},{"v":1.63,"d":"1.6"},{"v":5,"d":"5.0"},{"v":13,"d":"13.0"}]
["Barracão/Galpão/Garagem","Unidade",137,{"v":1,"d":"1.0"},{"v":1.27,"d":"1.3"},{"v":6,"d":"6.0"},{"v":174,"d":"174.0"}]
["Casa de Moradia Habitada","Unidade",304,{"v":1,"d":"1.0"},1.9,{"v":22,"d":"22.0"},{"v":577,"d":"577.0"}]
["Casa de Moradia Total","Unidade",269,{"v":1,"d":"1.0"},{"v":2.73,"d":"2.7"},{"v":29,"d":"29.0"},{"v":735,"d":"735.0"}]
["Curral/Mangueira","Unidade",183,{"v":1,"d":"1.0"},{"v":1.07,"d":"1.1"},{"v":2,"d":"2.0"},{"v":196,"d":"196.0"}]
["Depósito/Tulha","Unidade",229,{"v":1,"d":"1.0"},{"v":1.28,"d":"1.3"},{"v":5,"d":"5.0"},{"v":293,"d":"293.0"}]
["Engenho","Unidade",4,{"v":1,"d":"1.0"},{"v":1,"d":"1.0"},{"v":1,"d":"1.0"},{"v":4,"d":"4.0"}]
["Estábulo","Unidade",9,{"v":1,"d":"1.0"},{"v":1.11,"d":"1.1"},{"v":2,"d":"2.0"},{"v":10,"d":"10.0"}]
["Estufa/Plasticultura","m²",24,{"v":1,"d":"1.0"},{"v":1717.08,"d":"1,717.1"},{"v":5000,"d":"5,000.0"},{"v":41210,"d":"41,210.0"}]
["Fábrica de Ração","Unidade",4,{"v":1,"d":"1.0"},{"v":1,"d":"1.0"},{"v":1,"d":"1.0"},{"v":4,"d":"4.0"}]
["Instalações para Equinos","Unidade",1,{"v":1,"d":"1.0"},{"v":1,"d":"1.0"},{"v":1,"d":"1.0"},{"v":1,"d":"1.0"}]
["Máquina de Benefício","Unidade",28,{"v":1,"d":"1.0"},{"v":1,"d":"1.0"},{"v":1,"d":"1.0"},{"v":28,"d":"28.0"}]
["Pocilga","Unidade",35,{"v":1,"d":"1.0"},{"v":1.29,"d":"1.3"},{"v":4,"d":"4.0"},{"v":45,"d":"45.0"}]
["Poço Semi-Artesiano","Unidade",8,{"v":1,"d":"1.0"},{"v":1.13,"d":"1.1"},{"v":2,"d":"2.0"},{"v":9,"d":"9.0"}]
["Secador de Grãos","Unidade",41,{"v":1,"d":"1.0"},{"v":1.39,"d":"1.4"},{"v":5,"d":"5.0"},{"v":57,"d":"57.0"}]
["Silo para Grãos","t",1,{"v":500,"d":"500.0"},{"v":500,"d":"500.0"},{"v":500,"d":"500.0"},{"v":500,"d":"500.0"}]
["Silo para Silagem","t",3,{"v":1,"d":"1.0"},{"v":74.67,"d":"74.7"},{"v":220,"d":"220.0"},{"v":224,"d":"224.0"}]
["Terreiro","m²",237,{"v":1,"d":"1.0"},{"v":718.83,"d":"718.8"},{"v":15500,"d":"15,500.0"},{"v":170363,"d":"170,363.0"}]
["Fonte: Secretaria de Agricultura e Abastecimento, CDRS/IEA, Projeto LUPA."]
[]
["TABELA 599.4 - Outras Estatísticas Agrícolas, Município de Tejupá, Estado de São Paulo, 2007/08."]
["ITEM","Número de UPAs",null,"Percentual"]
["Faz Parte de Associação de Produtores",38,null,{"v":7.509881422924901,"d":"7.5"}]
["Faz Parte de Cooperativa de Produtores",35,null,{"v":6.916996047430831,"d":"6.9"}]
["Faz Parte do Sindicato de Produtores",154,null,{"v":30.434782608695652,"d":"30.4"}]
["Não utiliza assistência técnica ",115,null,{"v":22.727272727272727,"d":"22.7"}]
["Utiliza somente assistência técnica governamental ",330,null,{"v":65.21739130434783,"d":"65.2"}]
["Utiliza somente assistência técnica privada ",21,null,{"v":4.150197628458498,"d":"4.2"}]
["Utiliza assistência técnica tanto governamental quanto privada",40,null,{"v":7.905138339920949,"d":"7.9"}]
["Utiliza Crédito Rural",92,null,{"v":18.181818181818183,"d":"18.2"}]
["Utiliza Seguro Rural",3,null,{"v":0.5928853754940712,"d":"0.6"}]
["Utiliza Escrituração Agrícola",103,null,{"v":20.35573122529644,"d":"20.4"}]
["Acessa Internet p/ Fins na Agropecuária",7,null,{"v":1.383399209486166,"d":"1.4"}]
["Utiliza Computador nas Atividades Agropecuárias",16,null,{"v":3.1620553359683794,"d":"3.2"}]
["Utiliza Energia Elétrica Para Uso na Atividade Agrícola",387,null,{"v":76.48221343873517,"d":"76.5"}]
["Realiza Análise de Solo, quando necessário",51,null,{"v":10.079051383399209,"d":"10.1"}]
["Utiliza Práticas de Conservação de Solo, quando necessário",426,null,{"v":84.18972332015811,"d":"84.2"}]
["Faz Adubação Mineral, quando necessário",284,null,{"v":56.126482213438734,"d":"56.1"}]
["Faz Adubação Orgânica, quando necessário",232,null,{"v":45.8498023715415,"d":"45.8"}]
["Faz Adubação Verde, quando necessário",88,null,{"v":17.391304347826086,"d":"17.4"}]
["Utiliza Manejo Integrado de Pragas (MIP)",3,null,{"v":0.5928853754940712,"d":"0.6"}]
["Utiliza Hidroponia","-",null,"-"]
["Utiliza Plasticultura",27,null,{"v":5.335968379446641,"d":"5.3"}]
["Utiliza Mudas Fiscalizadas",159,null,{"v":31.42292490118577,"d":"31.4"}]
["Utiliza Semente Melhorada",157,null,{"v":31.02766798418972,"d":"31.0"}]
["Faz Confinamento de Bovinos",2,null,{"v":0.3952569169960474,"d":"0.4"}]
["Utiliza Pastejo Intensivo",30,null,{"v":5.928853754940712,"d":"5.9"}]
["Faz Inseminação Artificial",4,null,{"v":0.7905138339920948,"d":"0.8"}]
["Faz Mineralização do Rebanho",327,null,{"v":64.62450592885375,"d":"64.6"}]
["Faz Vermifugação do Rebanho",335,null,{"v":66.20553359683794,"d":"66.2"}]
["Possui Parceiros /Arrendatários na Exploração Animal",48,null,{"v":9.486166007905139,"d":"9.5"}]
["Esporte e lazer",1,null,{"v":0.1976284584980237,"d":"0.2"}]
["Extração mineral","-",null,"-"]
["Hotel Fazenda, Pousada ou SPA","-",null,"-"]
["Pesque-pague","-",null,"-"]
["Restaurante ou Lanchonete","-",null,"-"]
["Transformação artesanal","-",null,"-"]
["Turismo rural ou ecoturismo","-",null,"-"]
["Outras atividades econômicas rurais",4,null,{"v":0.7905138339920948,"d":"0.8"}]
["Agroindústria","-",null,"-"]
["Proprietário sem instrução ou com instrução incompleta",35,null,{"v":6.916996047430831,"d":"6.9"}]
["Proprietário com antigo primário completo",272,null,{"v":53.75494071146245,"d":"53.8"}]
["Proprietário com 1° grau (ou antigo ginasial) completo",53,null,{"v":10.474308300395258,"d":"10.5"}]
["Proprietário com 2° grau (ou antigo colegial) completo",79,null,{"v":15.612648221343873,"d":"15.6"}]
["Proprietário com curso superior completo ",66,null,{"v":13.043478260869565,"d":"13.0"}]
["Pessoa Jurídica",1,null,{"v":0.1976284584980237,"d":"0.2"}]
["Proprietário residente na própria UPA ",132,null,{"v":26.08695652173913,"d":"26.1"}]
["Fonte: Secretaria de Agricultura e Abastecimento, CDRS/IEA, Projeto LUPA."]
[]
["TABELA 599.5 - Área Cultivada, Município de Tejupá, Estado de São Paulo, 2007/08."]
["CULTURA","N.DE UPAs","MÍNIMO","MÉDIO","MÁXIMO","TOTAL"]
["Braquiaria",438,0.2,{"v":40.28,"d":"40.3"},{"v":1154.9,"d":"1,154.9"},{"v":17643.3,"d":"17,643.3"}]
["Cafe",287,0.4,{"v":14.37,"d":"14.4"},{"v":200,"d":"200.0"},{"v":4124.1,"d":"4,124.1"}]
["Eucalipto",58,0.3,{"v":22.25,"d":"22.3"},{"v":900,"d":"900.0"},{"v":1290.5,"d":"1,290.5"}]
["Milho",52,{"v":1,"d":"1.0"},{"v":17.61,"d":"17.6"},229.6,915.7]
["Feijao",11,{"v":6,"d":"6.0"},{"v":37.89,"d":"37.9"},{"v":100,"d":"100.0"},416.8]
["Cana-de-acucar",6,1.2,{"v":55.27,"d":"55.3"},{"v":210,"d":"210.0"},331.6]
["Gramas",1,193.6,193.6,193.6,193.6]
["Soja",1,{"v":120,"d":"120.0"},{"v":120,"d":"120.0"},{"v":120,"d":"120.0"},{"v":120,"d":"120.0"}]
["Outras gramineas para pastagem",2,{"v":16,"d":"16.0"},{"v":16.85,"d":"16.9"},17.7,33.7]
["Pinus",1,{"v":14,"d":"14.0"},{"v":14,"d":"14.0"},{"v":14,"d":"14.0"},{"v":14,"d":"14.0"}]
["Laranja",4,{"v":1,"d":"1.0"},{"v":2.83,"d":"2.8"},7.2,11.3]
["Tangerina",4,{"v":1,"d":"1.0"},{"v":2.55,"d":"2.6"},{"v":6,"d":"6.0"},10.2]
["Limao",1,8.3,8.3,8.3,8.3]
["Pimentao",9,0.1,{"v":0.26,"d":"0.3"},0.6,2.3]
["Pepino",1,0.3,0.3,0.3,0.3]
["Viveiro de cafe",1,0.1,0.1,0.1,0.1]
["Fonte: Secretaria de Agricultura e Abastecimento, CDRS/IEA, Projeto LUPA."]